000 00402nam a22001577a 4500
003 OSt
005 20211028112001.0
008 211028b |||||||| |||| 00| 0 eng d
020 _a0805836292
040 _aHU
_cDDC
082 _a364.1'50973/ENG
245 _aUNDERSTANDING VIOLENCE
260 _aNEW JERSEY
_bLAWRENC ERLBAUM ASSOCIATES ,PUBLIHERS
_c2003
300 _a218P21CM
942 _2ddc
_cBOOKS
_n0
999 _c15502
_d15502